000 00718nam a2200193 a 4500
008 200624s2018 ||||||||||||||||| || u
020 _a9781107110151
050 _aB 187.A66 Apo
100 _aKaramanolis, George
245 1 4 _aThe aporetic tradition in ancient philosophy
_cEdited by George Kawamanolis ; Vasilis Politis
260 _aCambridge
_bCambridge University Press
_c2018
300 _avii,319 pages
350 _a94.98
650 _aMETHODOLOGY
650 _aAPORIA
650 _aPHILOSOPHY, ANCIENT
700 _aPolitis, Vasilis
995 _FCBU-MAIN LIBRARY (Kitwe)
_I94.98
_M1
_UAVAILABLE
_WJun 25, 2020
_ZMain Library Open Access Collection
999 _c34507
_d34507